000 00607nam a2200181 a 4500
001 000035443
005 20200930074339.0
008 111031s1956 ag 000 0 spa d
040 _aDO-SdBNP
_bspa
_cBNPHU
082 _axxxx
_bxxxx
100 1 _aSousa Ferraz, João de
_961279
245 1 0 _aPsicología Humana. :
_bJoão de Sousa Ferraz.
250 _a4a ed.
260 _aBuenos Aires, :
_bAmericalee,
_c1956.
300 _a176 p. :
_b20 cm.
504 _aIncluye referencias bibliográficas y notas al pie de las páginas
590 _aPerteneció a la biblioteca personal de Juan Isidro Jimenes Grullón
999 _c34934
_d34934